000 00418nam a2200145Ia 4500
008 211109s9999||||xx |||||||||||||| ||und||
082 _a338.521
_bWAT-P
100 _aWatson, Donald Stevenson
245 0 _aPrice Theory and Its Uses
260 _bKhosla Pub House
_aNew Delhi
_c1986
300 _a534p.
630 _xPOST GRADUATE REFERENCE
650 _aSOCIAL SCIENCE
_vECONOMICS
_xPRODUCTIONEconomics
942 _cBOOK
999 _c39268
_d39268